Návrh linky na obaľovanie materiálu. (Design of technological line for LIAPOR? balling) [CD-ROM] : Diplomová práca

Guardado en:
Detalles Bibliográficos
Autor principal: Derevjaníková, Jana, 1983- (Autor)
Otros Autores: Peciar, Marián, 1957- (xxx)
Formato: Manuscrito Libro
Lenguaje:eslovaco
Publicado: Bratislava : STU v Bratislave SjF, 2007
Materias:
Etiquetas: Agregar Etiqueta
Sin Etiquetas, Sea el primero en etiquetar este registro!

MARC

LEADER 00000ntm a22000003a 4500
001 stu157335
005 20150617230008.9
008 080206s2007----xo------------------slo-d
040 |a STU  |b slo 
041 0 |a slo 
044 |a xo 
100 1 |a Derevjaníková, Jana,  |d 1983-  |4 aut  |u J180  |9 100  |U SjF Ústav chemických a hydraulických strojov a zariadení  |T SjF Katedra chemických strojov v zariadení  |X 28632  |U J180  |Y 43  |7 A000028632 
245 1 |a Návrh linky na obaľovanie materiálu. (Design of technological line for LIAPOR? balling) [CD-ROM] :  |b Diplomová práca 
260 |a Bratislava :  |b STU v Bratislave SjF,  |c 2007 
300 |a 95 s  |c výkresová dokumentácia 
650 7 |a aglomerácia  |2 stusub 
650 7 |a nabaľovacia aglomerácia  |2 stusub 
650 7 |a liapor  |2 stusub 
650 7 |a granulačný tanier  |2 stusub 
650 7 |a agglomeration  |2 estusub 
650 7 |a balling agglomeration  |2 estusub 
650 7 |a balling pan  |2 estusub 
700 1 |a Peciar, Marián,  |d 1957-  |4 xxx  |u J180  |U SjF Ústav chemických a hydraulických strojov a zariadení  |T SjF Katedra chemických strojov v zariadení  |X 2359  |U J180  |Y 43  |7 A000002359 
700 1 |a Fekete, Roman,  |d 1963-  |4 csl  |u J180  |U SjF Ústav chemických a hydraulických strojov a zariadení  |T SjF Katedra chemických strojov v zariadení  |X 2370  |U J180  |Y 43  |7 A000002370 
996 |b 284J032150  |c J*108550  |l JJSK  |s A  |a 24  |w stu157335_0001